000 00516nam a2200193 a 4500
001 1773825713045
003 YourLibrary
005 20260318145349.0
008 260318s2007##################000#0#eng##
020 _a9780202309682
082 0 4 _a338.9
_bMIK
100 1 _aMikesell, Raymond F.,
_eauthor.
245 1 0 _aThe Economics of Foreign Aid :
260 _bAldine De Gruyter,
_c2007.
300 _a300 pages
650 0 _aBusiness & Economics.
942 _cENGLISH
040 _aYourLibrary
_beng
_cYourLibrary
999 _c617947
_d617947